000 00640cam a22002053a 4500
001 44854
003 PGUSA
005 20140828084026.0
008 140209s2014||||xxu|||||s|||||000 | eng d
040 _aPGUSA
_beng
042 _adc
100 1 _aKramer, Stephen Elliott
245 1 0 _aGreat Cities of the United States :
_bHistorical, Descriptive, Commercial, Industrial
_h[electronic resource] /
_cStephen Elliott Kramer
260 _bProject Gutenberg,
_c2014
506 _aPublic domain in the USA.
516 _aElectronic text
830 0 _aProject Gutenberg
_v44854
856 4 0 _uhttp://www.gutenberg.org/ebooks/44854
942 _cEB
999 _c274105
_d274105